|
|
|
|
| LEADER |
00000nab a2200000 a 4500 |
| 001 |
vtls000332137 |
| 003 |
SK-MaSNL |
| 005 |
20260303173700.0 |
| 008 |
230217c1988 xo 0 ukr |
| 015 |
|
|
|a SNBRB19rr/mm-uuuuu
|
| 035 |
|
|
|a CL0332259
|
| 035 |
|
|
|a urn:nbn:sk:snk-abbihs
|
| 035 |
|
|
|a (urnnbn)urn:nbn:sk:snk:ar-000tag
|
| 035 |
|
|
|a (uuid)a1ebdc15-78bc-4adc-b776-ff39fa33cca6
|
| 040 |
|
|
|a SNKBUCL
|b slo
|c SNKBUCL
|e AACR2
|
| 041 |
0 |
|
|a ukr
|
| 044 |
|
|
|a xo
|c SK
|
| 080 |
|
|
|a 82.09:883 (437)-1=83(048)
|2 1981
|
| 080 |
|
|
|a 883 (437)-1=83(048)
|2 1981
|
| 100 |
1 |
|
|a Roman, Michal,
|d 1930-
|4 aut
|9 90937
|
| 245 |
1 |
0 |
|a "Zernja" Vitalija Konopelecja
|c Mychajlo Roman
|
| 500 |
|
|
|a V rubrike Recenziji.
|
| 650 |
0 |
7 |
|a básne reflexívne
|2 snkbucl
|9 898242
|
| 650 |
0 |
7 |
|a básne lyrické
|2 snkbucl
|9 403933
|
| 655 |
|
7 |
|a články z novín a časopisov
|2 snkbucl
|9 267496
|
| 655 |
|
7 |
|a články z odboru literárna veda a krásna literatúra
|2 snkbucl
|9 770045
|
| 700 |
1 |
|
|a Konopelec, Vitalij,
|d 1948-2003
|4 aut
|9 38809
|
| 773 |
0 |
|
|t Duklja
|g Roč. 36, č. 3 (1988), s. 70-72
|
| 787 |
0 |
8 |
|i Rec.:
|a Konopelec, Vitalij
|t Zernja
|d Bratislava : SPN, 1987
|
| 850 |
|
|
|a Slovenská národná knižnica v Martine
|a MTA001
|
| 852 |
|
|
|a SNK
|b KIS3GCP
|
| 958 |
|
|
|a RK
|
| 958 |
|
|
|a LX
|
| 958 |
|
|
|a UK
|
| 958 |
|
|
|a OND
|
| 958 |
|
|
|a EUIPO
|
| 958 |
|
|
|a article15
|
| 992 |
|
|
|a RBX
|
| 999 |
|
|
|c 2093413
|d 2095343
|